| 000 | 02163nam a2200445Ia 4500 | ||
|---|---|---|---|
| 001 | ebr10605398 | ||
| 003 | CaPaEBR | ||
| 006 | m u | ||
| 007 | cr cn||||||||| | ||
| 008 | 120228s2012 miub sb s001 0deng d | ||
| 010 | _z 2012000976 | ||
| 020 | _z9780472028221 (e-book) | ||
| 020 | _z9780472118120 (cloth : acid-free paper) | ||
| 040 |
_aCaPaEBR _cCaPaEBR |
||
| 035 | _a(OCoLC)814304203 | ||
| 050 | 1 | 4 |
_aTP559.E3 _bH42 2012eb |
| 082 | 0 | 4 |
_a641.2/20962 _223 |
| 100 | 1 | _aHickey, Todd Michael. | |
| 245 | 1 | 0 |
_aWine, wealth, and the state in late antique Egypt _h[electronic resource] : _bthe house of Apion at Oxyrhynchus / _cT.M. Hickey. |
| 260 |
_aAnn Arbor : _bUniversity of Michigan Press, _cc2012. |
||
| 300 |
_axv, 229 p. : _bmaps. |
||
| 490 | 0 | _aNew texts from ancient cultures | |
| 500 | _aSignificantly revised version of author's 2001 University of Chicago doctoral dissertation entitled A public "house" but closed : "fiscal participation" and economic decision making on the Oxyrhynchite estate of the Flavii Apiones. | ||
| 504 | _aIncludes bibliographical references and indexes. | ||
| 533 |
_aElectronic reproduction. _bPalo Alto, Calif. : _cebrary, _d2011. _nAvailable via World Wide Web. _nAccess may be limited to ebrary affiliated libraries. |
||
| 600 | 0 | 0 |
_aApion _bI, _dfl. 472-525 _xFamily. |
| 650 | 0 |
_aWine and wine making _zEgypt _zOxyrhynchite Nome _xHistory. |
|
| 650 | 0 |
_aViticulture _zEgypt _zOxyrhynchite Nome _xHistory. |
|
| 650 | 0 |
_aVineyards _zEgypt _zOxyrhynchite Nome _xHistory. |
|
| 650 | 0 |
_aManors _zEgypt _zOxyrhynchite Nome _xHistory. |
|
| 650 | 0 |
_aWealth _xPolitical aspects _zEgypt _zOxyrhynchite Nome _xHistory. |
|
| 650 | 0 | _aManuscripts (Papyri) | |
| 651 | 0 |
_aOxyrhynchite Nome (Egypt) _xEconomic conditions. |
|
| 651 | 0 |
_aEgypt _xEconomic conditions _y332 B.C.-640 A.D. |
|
| 651 | 0 |
_aEgypt _xPolitics and government _y30 B.C.-640 A.D. |
|
| 655 | 7 |
_aElectronic books. _2local |
|
| 700 | 1 |
_aHickey, Todd Michael. _tPublic "house" but closed. |
|
| 710 | 2 | _aebrary, Inc. | |
| 856 | 4 | 0 |
_uhttp://site.ebrary.com/lib/rucke/Doc?id=10605398 _zAn electronic book accessible through the World Wide Web; click to view |
| 999 |
_c97239 _d97239 |
||